000 00499pab a2200181 454500
008 180718b2005 xxu||||| |||| 00| 0 eng d
100 _aPallikadavath, Saseendran
245 _aA paradox within a paradox: scheduled caste fertility in Kerala
260 _c2005
300 _ap.3085-093.
362 _a9 Jul
650 _aScheduled Caste
650 _aFertility - India - Kerala
650 _aFertility
700 _aWilson, Chris
773 _aEconomic and Political Weekly
909 _a66086
999 _c66086
_d66086